Minecraft Smelting - Statistics

General Stats
  • This quiz has been taken 5 times
  • The average score is 59 of 101
Answer Stats
Answer % Correct
Charcoal
100%
Coal
100%
Cobbled Deepslate
100%
Cobblestone
100%
Cooked Mutton
100%
Cooked Porkchop
100%
Copper Nugget
100%
Deepslate
100%
Diamond
100%
Gold Ingot
100%
Gold Nugget
100%
Gold Ore
100%
Iron Ingot
100%
Iron Nugget
100%
Iron Ore
100%
Lapis Lazuli
100%
Raw Gold
100%
Raw Iron
100%
Raw Mutton
100%
Raw Porkchop
100%
Stone
100%
(Stripped) Wood / Log
100%
Iron Tools / Armor Baked Potato
75%
Clay
75%
Coal Ore
75%
Cooked Chicken
75%
Cooked Cod
75%
Cooked Rabbit
75%
Cooked Salmon
75%
Copper Ingot
75%
Copper Ore
75%
Deepslate Coal Ore
75%
Deepslate Diamond Ore
75%
Deepslate Emerald Ore
75%
Deepslate Gold ore
75%
Deepslate Iron Ore
75%
Deepslate Lapis Lazuli Ore
75%
Diamond Ore
75%
Emerald
75%
Emerald Ore
75%
Glass
75%
Glazed Terracotta
75%
Lapis Lazuli Ore
75%
Netherite Scrap
75%
Gold Tools / Armor Potato
75%
Raw Beef
75%
Raw Chicken
75%
Raw Cod
75%
Raw Rabbit
75%
Raw Salmon
75%
Sand
75%
Smooth Stone
75%
Stained Terracotta
75%
Steak
75%
Terracotta
75%
Ancient Debris
50%
Brick
50%
Clay Ball
50%
Deepslate Copper Ore
50%
Deepslate Redstone Ore
50%
Copper Tools / Armor Dried Kelp
50%
Overworld Wood Blocks Kelp
50%
Nether Gold Ore
50%
Raw Copper
50%
Redstone Dust
50%
Redstone Ore
50%
Sandstone
50%
Basalt
25%
Block of Quartz
25%
Cactus
25%
Cracked Deepslate Bricks
25%
Cracked Nether Bricks
25%
Cracked Stone Bricks
25%
Deepslate Bricks
25%
Green Dye
25%
Leaves
25%
Lime Dye
25%
Nether Brick
25%
Nether Bricks
25%
Nether Quartz
25%
Nether Quartz Ore
25%
Netherrack
25%
Red Sand
25%
Sea Pickle
25%
Smooth Basalt
25%
Smooth Quartz
25%
Smooth Sandstone
25%
Sponge
25%
Stone Bricks
25%
Wet Sponge
25%
Chorus Fruit
0%
Cracked Deepslate Tiles
0%
Cracked Polished Blackstone Bricks
0%
Deepslate Tiles
0%
Leaf Litter
0%
Polished Blackstone Bricks
0%
Popped Chorus Fruit
0%
Red Sandstone
0%
Resin Brick
0%
Resin Clump
0%
Smooth Red Sandstone
0%
No matching quizzes found
Score Distribution
Percent of People with Each Score
Percentile by Number Answered
Your Score History
You have not taken this quiz